000 00523nam a2200193Ia 4500
008 191130s2005##################000#0#eng##
020 _a9781591023326
040 _aACL
_cACL
082 _a811.6 FIN
100 _aFinlay, Charles Coleman
245 _aThe prodigal troll
_cCharles Coleman Finlay
260 _aAmherst, NY
_bPyr
_c2005
300 _a374 p. ; 24 cm
650 _aChildren - Fiction
650 _aTrolls - Fiction
990 _a70934c4cac10000c4034b8e4ab1a98ce
991 _a184986
999 _c399325
_d399325